|
|
|
|
| LEADER |
01022pam a22002658a 4500 |
| 001 |
00023047 |
| 005 |
20171026081025.0 |
| 008 |
110608s1978 ||||||Viesd |
| 041 |
0 |
# |
|a Vie
|
| 082 |
1 |
4 |
|a 909.07
|b L302S
|
| 100 |
0 |
# |
|a Đặng Đức An
|
| 245 |
0 |
0 |
|a Lịch sử Thế giới Trung đại
|c Đặng Đức An, Phạm Hồng Việt
|n Quyển 1
|
| 250 |
# |
# |
|a In lần thứ 2
|
| 260 |
# |
# |
|a H.
|b Giáo dục
|c 1978
|
| 300 |
# |
# |
|a 248 tr.
|c 24 cm.
|
| 500 |
# |
# |
|a Sách ĐHSP
|
| 653 |
# |
# |
|a Lịch sử Thế giới
|
| 653 |
# |
# |
|a Lịch sử trung đại
|
| 700 |
0 |
# |
|a Phạm Hồng Việt
|
| 852 |
# |
# |
|b Kho giáo trình
|j KGT.0025937, KGT.0025938, KGT.0025939, KGT.0025940, KGT.0025941
|
| 852 |
# |
# |
|b Kho mượn
|j KGT.0025937
|
| 852 |
# |
# |
|j KD.0009831
|b Kho đọc
|
| 852 |
# |
# |
|j KD.0009831
|j KGT.0025937
|j KGT.0025938
|j KGT.0025940
|j KGT.0025941
|j KGT.0025939
|
| 910 |
0 |
# |
|a ngọc
|d 08/06/2011
|
| 980 |
# |
# |
|a Trung tâm Học liệu Lê Vũ Hùng, Trường Đại học Đồng Tháp
|